Online Catalogue and eLibrary

Women in movement : (Record no. 112)

MARC details
000 -LEADER
fixed length control field 00635pam a2200229 a 4500
001 - CONTROL NUMBER
control field 2031037
005 - DATE AND TIME OF LATEST TRANSACTION
control field 20231201005609.0
008 - FIXED-LENGTH DATA ELEMENTS--GENERAL INFORMATION
fixed length control field 920311s1992 nyu b 001 0 eng
020 ## - INTERNATIONAL STANDARD BOOK NUMBER
ISBN 0415906512
020 ## - INTERNATIONAL STANDARD BOOK NUMBER
ISBN 0415906520 (pbk.)
040 ## - CATALOGING SOURCE (பட்டியலாக்க மூலம்)
Original cataloging agency DLC
Transcribing agency DLC
Modifying agency DLC
082 00 - DDC Classification
Class No. 305.42
DDC Edition Number 20
Item Number - Author Mark SHE.
100 1# - MAIN ENTRY--PERSONAL NAME
Personal name Rowbotham, Sheila.
245 10 - TITLE STATEMENT
Title Women in movement :
Remainder of title feminism and social action /
Statement of responsibility, etc. by Sheila Rowbotham.
260 ## - PUBLICATION, DISTRIBUTION, ETC.
Place of publication, distribution, etc. New York, N.Y. :
Name of publisher, distributor, etc. Routledge,
Date of publication, distribution, etc. 1992
300 ## - PHYSICAL DESCRIPTION
Extent (e.g. Volumes, Pages etc.) xx, 370 p. ;
650 #0 - SUBJECT ADDED ENTRY--TOPICAL TERM
Topical term or geographic name entry element Feminism
650 #0 - SUBJECT ADDED ENTRY--TOPICAL TERM
Topical term or geographic name entry element Women radicals
650 #0 - SUBJECT ADDED ENTRY--TOPICAL TERM
Topical term or geographic name entry element Women political activists
650 #0 - SUBJECT ADDED ENTRY--TOPICAL TERM
Topical term or geographic name entry element Women social reformers
942 ## - Koha item type (Biblio)
Koha item type Books in Stacks (Lending)
Holdings
Lost status Damaged status Collection code Home library Current library Date acquired Full call number Accession Number Item type
    Lending WERC Library WERC Library 12/01/2023 305.42 SHE. 4003 Books in Stacks (Lending)

© WERC Library